00498nam a22001697a 450000500170000001000130001702000260003003500130005603700130006908200150008210000180009724500500011525000110016526000420017627000860021830000240030420180217113453.0 aB-689578 a9789351438908c595.00 aB-689578 adplbKKP a346.540488 aArora, Manish aGuide to trade marks law / cby Manish Arora  a3rd ed aDelhibUniversal Law Publishingc2016 aLexisNexis, 14th Floor, Building No.10, DLF Cyber City, Phase-IIbGurgaone122002 axv,500p.c23cm(pbk)